Misión CSUCA XXI: Documento central del IV Congreso Universitario Centroamericano, Tegucigalpa, Honduras

محفوظ في:
التفاصيل البيبلوغرافية
مؤلف مشترك: CSUCA
التنسيق: نص
منشور في: San José: EDUCA
الوسوم: إضافة وسم
لا توجد وسوم, كن أول من يضع وسما على هذه التسجيلة!

MARC

LEADER 00000 a a2200000 04500
001 24051
003
040 |a CRAI/IIS  |c CRAI/IIS 
090 |a 170700  
110 |a CSUCA  
245 |a Misión CSUCA XXI: Documento central del IV Congreso Universitario Centroamericano, Tegucigalpa, Honduras  
260 |a San José:   |b EDUCA  
300 |a 117 p.  
999 |c 13946  |d 13946